[Event "Stay Safe Play From Home 384"]
[Site "Emanuel Lasker Arena"]
[Date "2020.08.14"]
[Round "1"]
[White "Lazieri3"]
[Black "Buzaglo"]
[Result "1-0"]
[WhiteElo "2096"]
[BlackElo "1746"]
[PlyCount "33"]
[EventDate "2020.08.14"]
[EventType "swiss (blitz)"]

1. e4 {[%emt 0:00:01]} e5 {[%emt 0:00:05]} 2. Nc3 {[%emt 0:00:00]} Nc6 {[%emt 0:00:02]} 3. Nf3 {[%emt 0:00:00]} d6 {[%emt 0:00:01]} 4. d4 {[%emt 0:00:01]} exd4 {[%emt 0:00:01]} 5. Nxd4 {[%emt 0:00:00]} Nxd4 {[%emt 0:00:01]} 6. Qxd4 {[%emt 0:00:00]} Be6 {[%emt 0:00:06]} 7. Bc4 {[%emt 0:00:01]} Bxc4 {[%emt 0:00:01]} 8. Qxc4 {[%emt 0:00:00]} Qe7 {[%emt 0:00:03]} 9. Nd5 {[%emt 0:00:05]} Qd7 {[%emt 0:00:28]} 10. Nxc7+ {[%emt 0:00:02]} Kd8 {[%emt 0:00:01]} 11. Nxa8 {[%emt 0:00:01]} Ne7 {[%emt 0:00:04]} 12. Be3 {[%emt 0:00:07]} Nc6 {[%emt 0:00:07]} 13. O-O-O {[%emt 0:00:07]} Be7 {[%emt 0:00:04]} 14. Qxf7 {[%emt 0:00:04]} Rf8 {[%emt 0:00:02]} 15. Qxg7 {[%emt 0:00:12]} Qc8 {[%emt 0:00:02]} 16. Bg5 {[%emt 0:00:12]} Qxa8 {[%emt 0:00:05]} 17. Qxf8+ {[%emt 0:00:01] Buzaglo resigns Buzaglo resigns Buzaglo resigns (Lag: Av=0.62s, max=1.0s) (Lag: Av=0.62s, max=1.0s) (Lag: Av=0.62s, max=1.0s)} 1-0

[Event "Stay Safe Play From Home 384"]
[Site "Emanuel Lasker Arena"]
[Date "2020.08.14"]
[Round "1"]
[White "Haris kollari 13"]
[Black "Roefe Detlef"]
[Result "1-0"]
[WhiteElo "1968"]
[BlackElo "1730"]
[Annotator "NA"]
[PlyCount "115"]
[EventDate "2020.08.14"]
[EventType "swiss (blitz)"]

1. e4 {[%emt 0:00:02]} c5 {[%emt 0:00:09]} 2. Nf3 {[%emt 0:00:07]} Nc6 {[%emt 0:00:02]} 3. d4 {[%emt 0:00:01]} cxd4 {[%emt 0:00:01]} 4. Nxd4 {[%emt 0:00:00]} e5 {[%emt 0:00:01]} 5. Nb3 {[%emt 0:00:02]} d6 {[%emt 0:00:02]} 6. Nc3 {[%emt 0:00:02]} a6 {[%emt 0:00:02]} 7. f3 {[%emt 0:00:02]} Nf6 {[%emt 0:00:01]} 8. Bg5 {[%emt 0:00:01]} Be7 {[%emt 0:00:01]} 9. Qd2 {[%emt 0:00:01]} O-O {[%emt 0:00:03]} 10. O-O-O {[%emt 0:00:01]} Be6 {[%emt 0:00:06]} 11. Kb1 {[%emt 0:00:02]} Qc7 {[%emt 0:00:09]} 12. Bxf6 {[%emt 0:00:02]} Bxf6 {[%emt 0:00:05]} 13. Qxd6 {[%emt 0:00:03]} Qxd6 {[%emt 0:00:06]} 14. Rxd6 {[%emt 0:00:02]} Be7 {[%emt 0:00:01]} 15. Rd1 {[%emt 0:00:02]} g6 {[%emt 0:00:07]} 16. Be2 {[%emt 0:00:02]} Kg7 {[%emt 0:00:01]} 17. Nd5 {[%emt 0:00:02]} Bg5 {[%emt 0:00:19]} 18. h4 {[%emt 0:00:02]} Bh6 {[%emt 0:00:04]} 19. g4 {[%emt 0:00:01]} Bf4 {[%emt 0:00:04]} 20. Nc7 {[%emt 0:00:06]} Rad8 {[%emt 0:00:12]} 21. Nxe6+ {[%emt 0:00:05]} fxe6 {[%emt 0:00:01]} 22. Nc5 {[%emt 0:00:01]} Rfe8 {[%emt 0:00:18]} 23. Rxd8 {[%emt 0:00:07]} Nxd8 {[%emt 0:00:05]} 24. Rd1 {[%emt 0:00:01]} Nc6 {[%emt 0:00:23]} 25. Rd7+ {[%emt 0:00:07]} Re7 {[%emt 0:00:03]} 26. Rxe7+ {[%emt 0:00:06]} Nxe7 {[%emt 0:00:01]} 27. Nxb7 {[%emt 0:00:01]} h6 {[%emt 0:00:14]} 28. Bxa6 {[%emt 0:00:02]} Nc6 {[%emt 0:00:02]} 29. Be2 {[%emt 0:00:05]} Nd4 {[%emt 0:00:02]} 30. Bd1 {[%emt 0:00:01]} Kf6 {[%emt 0:00:07]} 31. c3 {[%emt 0:00:02]} Nc6 {[%emt 0:00:03]} 32. a4 {[%emt 0:00:03]} Be3 {[%emt 0:00:03]} 33. b4 {[%emt 0:00:02]} Ke7 {[%emt 0:00:01]} 34. Kc2 {[%emt 0:00:02]} Kd7 {[%emt 0:00:03]} 35. Kd3 {[%emt 0:00:01]} Bf2 {[%emt 0:00:02]} 36. h5 {[%emt 0:00:02]} gxh5 {[%emt 0:00:03]} 37. gxh5 {[%emt 0:00:02]} Kc7 {[%emt 0:00:05]} 38. Nc5 {[%emt 0:00:04]} Bxc5 {[%emt 0:00:02]} 39. bxc5 {[%emt 0:00:01]} Na5 {[%emt 0:00:01]} 40. Bc2 {[%emt 0:00:04]} Kc6 {[%emt 0:00:02]} 41. Bb1 {[%emt 0:00:01]} Kxc5 {[%emt 0:00:01]} 42. Ba2 {[%emt 0:00:01]} Kd6 {[%emt 0:00:03]} 43. c4 {[%emt 0:00:02]} Nb7 {[%emt 0:00:02]} 44. Kc3 {[%emt 0:00:02]} Kc5 {[%emt 0:00:01]} 45. Bb3 {[%emt 0:00:04]} Na5 {[%emt 0:00:01]} 46. Ba2 {[%emt 0:00:01]} Nb7 {[%emt 0:00:03]} 47. Bb1 {[%emt 0:00:01]} Na5 {[%emt 0:00:02]} 48. Bd3 {[%emt 0:00:01]} Nb7 {[%emt 0:00:02]} 49. Bf1 {[%emt 0:00:01]} Na5 {[%emt 0:00:01]} 50. Be2 {[%emt 0:00:01]} Nb7 {[%emt 0:00:02]} 51. Bf1 {[%emt 0:00:05]} Na5 {[%emt 0:00:02]} 52. Bh3 {[%emt 0:00:01]} Nxc4 {[%emt 0:00:01]} 53. Bxe6 {[%emt 0:00:01]} Na5 {[%emt 0:00:01]} 54. Bd5 {[%emt 0:00:03]} Kb6 {[%emt 0:00:19]} 55. Kb4 {[%emt 0:00:02]} Ka6 {[%emt 0:00:06]} 56. Kc5 {[%emt 0:00:03]} Nb7+ {[%emt 0:00:13]} 57. Bxb7+ {[%emt 0:00:02]} Kxb7 {[%emt 0:00:00]} 58. Kd6 {[%emt 0:00:01] Roefe Detlef gibt auf Roefe Detlef gibt auf Roefe Detlef gibt auf (Lag: Av=0.40s, max=1.1s) (Lag: Av=0.40s, max=1.1s) (Lag: Av=0.40s, max=1.1s)} 1-0

[Event "Stay Safe Play From Home 384"]
[Site "Emanuel Lasker Arena"]
[Date "2020.08.14"]
[Round "1"]
[White "Uttamchess"]
[Black "Kakashi_2007"]
[Result "1-0"]
[WhiteElo "1916"]
[BlackElo "1620"]
[Annotator "NA"]
[PlyCount "49"]
[EventDate "2020.08.14"]
[EventType "swiss (blitz)"]

1. Nf3 {[%emt 0:00:08]} Nf6 {[%emt 0:00:02]} 2. g3 {[%emt 0:00:00]} g5 {[%emt 0:00:03]} 3. Bg2 {[%emt 0:00:00]} h6 {[%emt 0:00:01]} 4. O-O {[%emt 0:00:01]} b5 {[%emt 0:00:04]} 5. d3 {[%emt 0:00:04]} c6 {[%emt 0:00:01]} 6. e4 {[%emt 0:00:01]} g4 {[%emt 0:00:03]} 7. Nh4 {[%emt 0:00:02]} h5 {[%emt 0:00:03]} 8. e5 {[%emt 0:00:04]} Bb7 {[%emt 0:00:02]} 9. exf6 {[%emt 0:00:02]} exf6 {[%emt 0:00:01]} 10. Re1+ {[%emt 0:00:01]} Be7 {[%emt 0:00:05]} 11. Nf5 {[%emt 0:00:01]} Kf8 {[%emt 0:00:08]} 12. Nxe7 {[%emt 0:00:02]} c5 {[%emt 0:00:05]} 13. Bxb7 {[%emt 0:00:02]} Qxe7 {[%emt 0:00:02]} 14. Rxe7 {[%emt 0:00:02]} Kxe7 {[%emt 0:00:01]} 15. Bxa8 {[%emt 0:00:00]} d6 {[%emt 0:00:02]} 16. Qe2+ {[%emt 0:00:02]} Kf8 {[%emt 0:00:02]} 17. Nc3 {[%emt 0:00:00]} Nc6 {[%emt 0:00:02]} 18. Bxc6 {[%emt 0:00:02]} Kg7 {[%emt 0:00:00]} 19. Nd5 {[%emt 0:00:07]} Rc8 {[%emt 0:00:05]} 20. Bxb5 {[%emt 0:00:02]} Rb8 {[%emt 0:00:03]} 21. c4 {[%emt 0:00:02]} Rg8 {[%emt 0:00:03]} 22. Qe7 {[%emt 0:00:05]} Rf8 {[%emt 0:00:03]} 23. Qxf6+ {[%emt 0:00:01]} Kg8 {[%emt 0:00:07]} 24. Bh6 {[%emt 0:00:01]} Re8 {[%emt 0:00:05]} 25. Qg7# {[%emt 0:00:00] Mate Mate Mate (Lag: Av=0.48s, max=0.7s) (Lag: Av=0.48s, max=0.7s) (Lag: Av=0.48s, max=0.7s)} 1-0

[Event "Stay Safe Play From Home 384"]
[Site "Emanuel Lasker Arena"]
[Date "2020.08.14"]
[Round "1"]
[White "Padmaesh M K"]
[Black "Hickey"]
[Result "1/2-1/2"]
[WhiteElo "1798"]
[BlackElo "2110"]
[PlyCount "156"]
[EventDate "2020.08.14"]
[EventType "swiss (blitz)"]

1. e4 {[%emt 0:00:01]} c6 {[%emt 0:00:11]} 2. c4 {[%emt 0:00:03]} d5 {[%emt 0:00:00]} 3. exd5 {[%emt 0:00:02]} cxd5 {[%emt 0:00:00]} 4. d4 {[%emt 0:00:01]} Nf6 {[%emt 0:00:02]} 5. Nc3 {[%emt 0:00:04]} Nc6 {[%emt 0:00:02]} 6. Nf3 {[%emt 0:00:20]} Bg4 {[%emt 0:00:03]} 7. cxd5 {[%emt 0:00:21]} Nxd5 {[%emt 0:00:00]} 8. Qb3 {[%emt 0:00:02]} Bxf3 {[%emt 0:00:02]} 9. gxf3 {[%emt 0:00:00]} e6 {[%emt 0:00:05]} 10. Qxb7 {[%emt 0:00:21]} Nxd4 {[%emt 0:00:02]} 11. Nxd5 {[%emt 0:00:18]} Qxd5 {[%emt 0:00:04]} 12. Qxd5 {[%emt 0:00:09]} exd5 {[%emt 0:00:00]} 13. Kd1 {[%emt 0:00:10]} Nxf3 {[%emt 0:00:15]} 14. Be3 {[%emt 0:00:05]} Be7 {[%emt 0:00:14]} 15. Bb5+ {[%emt 0:00:04]} Kf8 {[%emt 0:00:05]} 16. Rc1 {[%emt 0:00:09]} Ne5 {[%emt 0:00:06]} 17. Ke2 {[%emt 0:00:06]} Rb8 {[%emt 0:00:17]} 18. a4 {[%emt 0:00:10]} a6 {[%emt 0:00:10]} 19. Bd4 {[%emt 0:00:13]} axb5 {[%emt 0:00:27]} 20. Bxe5 {[%emt 0:00:03]} Re8 {[%emt 0:00:01]} 21. Kf3 {[%emt 0:00:07]} bxa4 {[%emt 0:00:03]} 22. Rhd1 {[%emt 0:00:08]} f6 {[%emt 0:00:09]} 23. Bc3 {[%emt 0:00:04]} Rd8 {[%emt 0:00:02]} 24. Ra1 {[%emt 0:00:03]} Rb8 {[%emt 0:00:18]} 25. Rxa4 {[%emt 0:00:03]} Rd8 {[%emt 0:00:09]} 26. Ra5 {[%emt 0:00:05]} Kf7 {[%emt 0:00:19]} 27. Raxd5 {[%emt 0:00:06] Padmaesh M K offers a draw Padmaesh M K offers a draw Padmaesh M K offers a draw} Rxd5 {[%emt 0:00:23]} 28. Rxd5 {[%emt 0:00:00]} Rb8 {[%emt 0:00:01]} 29. Rd7 {[%emt 0:00:08]} Ke6 {[%emt 0:00:01]} 30. Rd3 {[%emt 0:00:02]} g5 {[%emt 0:00:03]} 31. Kg4 {[%emt 0:00:06]} Rc8 {[%emt 0:00:18]} 32. Kg3 {[%emt 0:00:11]} Bd6+ {[%emt 0:00:02]} 33. Kg2 {[%emt 0:00:01]} Rb8 {[%emt 0:00:05]} 34. Re3+ {[%emt 0:00:02]} Kf5 {[%emt 0:00:01]} 35. Rf3+ {[%emt 0:00:01]} Bf4 {[%emt 0:00:00]} 36. Rd3 {[%emt 0:00:02]} h5 {[%emt 0:00:03]} 37. Rd5+ {[%emt 0:00:05]} Be5 {[%emt 0:00:02]} 38. Kf3 {[%emt 0:00:05]} Rb3 {[%emt 0:00:02]} 39. Ke2 {[%emt 0:00:02]} Ke4 {[%emt 0:00:01]} 40. Rd3 {[%emt 0:00:02]} Bxc3 {[%emt 0:00:02]} 41. bxc3 {[%emt 0:00:07]} f5 {[%emt 0:00:06]} 42. Re3+ {[%emt 0:00:01]} Kd5 {[%emt 0:00:01]} 43. Rd3+ {[%emt 0:00:01]} Kc4 {[%emt 0:00:01]} 44. Kd2 {[%emt 0:00:01]} Rb2+ {[%emt 0:00:01]} 45. Ke3 {[%emt 0:00:01]} Rc2 {[%emt 0:00:01]} 46. Rd4+ {[%emt 0:00:01]} Kxc3 {[%emt 0:00:01]} 47. Rd5 {[%emt 0:00:01]} f4+ {[%emt 0:00:01]} 48. Kf3 {[%emt 0:00:01]} g4+ {[%emt 0:00:01]} 49. Kxf4 {[%emt 0:00:01]} Rxf2+ {[%emt 0:00:00]} 50. Kg3 {[%emt 0:00:01]} Rf3+ {[%emt 0:00:01]} 51. Kg2 {[%emt 0:00:02]} Rh3 {[%emt 0:00:01]} 52. Rg5 {[%emt 0:00:01]} Kd3 {[%emt 0:00:01]} 53. Re5 {[%emt 0:00:01]} Kd4 {[%emt 0:00:01]} 54. Re8 {[%emt 0:00:01]} Re3 {[%emt 0:00:02]} 55. Rh8 {[%emt 0:00:01]} Re5 {[%emt 0:00:01]} 56. Rg8 {[%emt 0:00:03]} Ke4 {[%emt 0:00:01]} 57. h3 {[%emt 0:00:01]} Kf4 {[%emt 0:00:01]} 58. hxg4 {[%emt 0:00:02]} hxg4 {[%emt 0:00:03]} 59. Rf8+ {[%emt 0:00:00]} Kg5 {[%emt 0:00:01]} 60. Rg8+ {[%emt 0:00:01]} Kh4 {[%emt 0:00:00]} 61. Rh8+ {[%emt 0:00:01]} Kg5 {[%emt 0:00:01]} 62. Rg8+ {[%emt 0:00:01]} Kf4 {[%emt 0:00:01]} 63. Rf8+ {[%emt 0:00:01]} Rf5 {[%emt 0:00:05]} 64. Rxf5+ {[%emt 0:00:02]} Kxf5 {[%emt 0:00:00]} 65. Kg3 {[%emt 0:00:01]} Kg5 {[%emt 0:00:00]} 66. Kg2 {[%emt 0:00:02]} Kf4 {[%emt 0:00:00]} 67. Kf2 {[%emt 0:00:01]} g3+ {[%emt 0:00:01]} 68. Kg2 {[%emt 0:00:01]} Kg4 {[%emt 0:00:00]} 69. Kg1 {[%emt 0:00:05]} Kf5 {[%emt 0:00:02]} 70. Kg2 {[%emt 0:00:01]} Kf4 {[%emt 0:00:01]} 71. Kg1 {[%emt 0:00:02]} Kf3 {[%emt 0:00:01]} 72. Kf1 {[%emt 0:00:01]} Kg4 {[%emt 0:00:01]} 73. Kg2 {[%emt 0:00:01]} Kh4 {[%emt 0:00:01]} 74. Kg1 {[%emt 0:00:02]} Kh5 {[%emt 0:00:01]} 75. Kg2 {[%emt 0:00:01]} Kg4 {[%emt 0:00:00]} 76. Kg1 {[%emt 0:00:03]} Kh3 {[%emt 0:00:00]} 77. Kh1 {[%emt 0:00:02]} g2+ {[%emt 0:00:01]} 78. Kg1 {[%emt 0:00:01]} Kg3 {[%emt 0:00:00] (Lag: Av=0.71s, max=1.1s) (Lag: Av=0.71s, max=1.1s) (Lag: Av=0.71s, max=1.1s)} 1/2-1/2

[Event "Stay Safe Play From Home 384"]
[Site "Emanuel Lasker Arena"]
[Date "2020.08.14"]
[Round "1"]
[White "Kongle"]
[Black "Ionelluca"]
[Result "1-0"]
[WhiteElo "1735"]
[BlackElo "2039"]
[PlyCount "133"]
[EventDate "2020.08.14"]
[EventType "swiss (blitz)"]

1. d4 {[%emt 0:00:12]} Nf6 {[%emt 0:00:02]} 2. c4 {[%emt 0:00:03]} e6 {[%emt 0:00:01]} 3. Nc3 {[%emt 0:00:02]} Bb4 {[%emt 0:00:01]} 4. Bg5 {[%emt 0:00:01]} c6 {[%emt 0:00:01]} 5. e3 {[%emt 0:00:01]} Qa5 {[%emt 0:00:01]} 6. Bxf6 {[%emt 0:00:03]} Bxc3+ {[%emt 0:00:01]} 7. bxc3 {[%emt 0:00:01]} Qxc3+ {[%emt 0:00:01]} 8. Ke2 {[%emt 0:00:01]} gxf6 {[%emt 0:00:20]} 9. Rc1 {[%emt 0:00:02]} Qa3 {[%emt 0:00:03]} 10. Qc2 {[%emt 0:00:03]} Qa5 {[%emt 0:00:07]} 11. f3 {[%emt 0:00:03]} Na6 {[%emt 0:00:02]} 12. Kf2 {[%emt 0:00:07]} Qc7 {[%emt 0:00:01]} 13. a3 {[%emt 0:00:05]} d6 {[%emt 0:00:02]} 14. Bd3 {[%emt 0:00:02]} Bd7 {[%emt 0:00:03]} 15. Nh3 {[%emt 0:00:01]} h6 {[%emt 0:00:03]} 16. Nf4 {[%emt 0:00:02]} c5 {[%emt 0:00:03]} 17. Rhd1 {[%emt 0:00:11]} Ke7 {[%emt 0:00:01]} 18. Re1 {[%emt 0:00:02]} Rag8 {[%emt 0:00:03]} 19. Kg1 {[%emt 0:00:09]} Rg7 {[%emt 0:00:01]} 20. Kh1 {[%emt 0:00:02]} Rg5 {[%emt 0:00:01]} 21. Re2 {[%emt 0:00:02]} h5 {[%emt 0:00:03]} 22. h3 {[%emt 0:00:08]} Rg3 {[%emt 0:00:05]} 23. Be4 {[%emt 0:00:19]} b6 {[%emt 0:00:02]} 24. Nd3 {[%emt 0:00:13]} Qd8 {[%emt 0:00:04]} 25. Nf2 {[%emt 0:00:03]} Qg8 {[%emt 0:00:02]} 26. Nd1 {[%emt 0:00:05]} Nc7 {[%emt 0:00:02]} 27. dxc5 {[%emt 0:00:03]} dxc5 {[%emt 0:00:06]} 28. Rd2 {[%emt 0:00:06]} Qc8 {[%emt 0:00:19]} 29. f4 {[%emt 0:00:05]} Rhg8 {[%emt 0:00:03]} 30. Qd3 {[%emt 0:00:02]} Ne8 {[%emt 0:00:02]} 31. Nc3 {[%emt 0:00:06]} f5 {[%emt 0:00:01]} 32. Bf3 {[%emt 0:00:02]} Bc6 {[%emt 0:00:11]} 33. e4 {[%emt 0:00:05]} fxe4 {[%emt 0:00:12]} 34. Nxe4 {[%emt 0:00:05]} e5 {[%emt 0:00:10]} 35. f5 {[%emt 0:00:11]} R3g7 {[%emt 0:00:08]} 36. f6+ {[%emt 0:00:05]} Kf8 {[%emt 0:00:08]} 37. fxg7+ {[%emt 0:00:05]} Kxg7 {[%emt 0:00:04]} 38. Qd8 {[%emt 0:00:08]} Qf5 {[%emt 0:00:06]} 39. Qg5+ {[%emt 0:00:05]} Qxg5 {[%emt 0:00:01]} 40. Nxg5 {[%emt 0:00:02]} Bxf3 {[%emt 0:00:01]} 41. Nxf3 {[%emt 0:00:02]} f6 {[%emt 0:00:01]} 42. Rd7+ {[%emt 0:00:01]} Kg6 {[%emt 0:00:00]} 43. Rxa7 {[%emt 0:00:02]} e4 {[%emt 0:00:01]} 44. Nh4+ {[%emt 0:00:02]} Kg5 {[%emt 0:00:01]} 45. g3 {[%emt 0:00:01]} Nd6 {[%emt 0:00:04]} 46. Rf1 {[%emt 0:00:02]} f5 {[%emt 0:00:01]} 47. Rd7 {[%emt 0:00:03]} Kf6 {[%emt 0:00:17]} 48. Rxd6+ {[%emt 0:00:03]} Ke5 {[%emt 0:00:04]} 49. Rxb6 {[%emt 0:00:06]} Kd4 {[%emt 0:00:01]} 50. Nxf5+ {[%emt 0:00:05]} Kxc4 {[%emt 0:00:01]} 51. a4 {[%emt 0:00:02]} Kd3 {[%emt 0:00:03]} 52. a5 {[%emt 0:00:03]} Ra8 {[%emt 0:00:02]} 53. a6 {[%emt 0:00:02]} e3 {[%emt 0:00:02]} 54. Nxe3 {[%emt 0:00:05]} Kxe3 {[%emt 0:00:01]} 55. Rf7 {[%emt 0:00:02]} c4 {[%emt 0:00:03]} 56. a7 {[%emt 0:00:01]} c3 {[%emt 0:00:01]} 57. Rb8 {[%emt 0:00:02]} c2 {[%emt 0:00:01]} 58. Re7+ {[%emt 0:00:09]} Kf3 {[%emt 0:00:02]} 59. Rb3+ {[%emt 0:00:16]} Kf2 {[%emt 0:00:06]} 60. Rf7+ {[%emt 0:00:02]} Ke1 {[%emt 0:00:03]} 61. Rc3 {[%emt 0:00:02]} Kd2 {[%emt 0:00:01]} 62. Rfc7 {[%emt 0:00:03]} Re8 {[%emt 0:00:26]} 63. Rxc2+ {[%emt 0:00:02]} Kd1 {[%emt 0:00:00]} 64. Ra2 {[%emt 0:00:06]} Ra8 {[%emt 0:00:05]} 65. Rb7 {[%emt 0:00:03]} h4 {[%emt 0:00:01]} 66. gxh4 {[%emt 0:00:03]} Rf8 {[%emt 0:00:07]} 67. Rb8 {[%emt 0:00:03] Ionelluca resigns Ionelluca resigns Ionelluca resigns (Lag: Av=0.93s, max=4.0s) (Lag: Av=0.93s, max=4.0s) (Lag: Av=0.93s, max=4.0s)} 1-0

[Event "Stay Safe Play From Home 384"]
[Site "Emanuel Lasker Arena"]
[Date "2020.08.14"]
[Round "1"]
[White "Timbre"]
[Black "Dukic"]
[Result "1-0"]
[WhiteElo "1622"]
[BlackElo "1927"]
[PlyCount "53"]
[EventDate "2020.08.14"]
[EventType "swiss (blitz)"]

1. d4 {[%emt 0:00:02]} c6 {[%emt 0:00:02]} 2. Nf3 {[%emt 0:00:01]} d6 {[%emt 0:00:01]} 3. c3 {[%emt 0:00:01]} Bg4 {[%emt 0:00:03]} 4. Bg5 {[%emt 0:00:02]} Nd7 {[%emt 0:00:03]} 5. e3 {[%emt 0:00:03]} Qa5 {[%emt 0:00:05]} 6. Bh4 {[%emt 0:00:05]} e5 {[%emt 0:00:04]} 7. dxe5 {[%emt 0:00:02]} dxe5 {[%emt 0:00:02]} 8. Be2 {[%emt 0:00:01]} Qb6 {[%emt 0:00:10]} 9. Qc2 {[%emt 0:00:07]} f6 {[%emt 0:00:29]} 10. O-O {[%emt 0:00:10]} Ne7 {[%emt 0:00:03]} 11. Re1 {[%emt 0:00:02]} Nc5 {[%emt 0:00:05]} 12. Nbd2 {[%emt 0:00:08]} Bf5 {[%emt 0:00:06]} 13. e4 {[%emt 0:00:07]} Be6 {[%emt 0:00:03]} 14. Rad1 {[%emt 0:00:03]} Ng6 {[%emt 0:00:18]} 15. Bg3 {[%emt 0:00:04]} Be7 {[%emt 0:00:04]} 16. Bc4 {[%emt 0:00:02]} Bxc4 {[%emt 0:00:22]} 17. Nxc4 {[%emt 0:00:02]} Qc7 {[%emt 0:00:02]} 18. a3 {[%emt 0:00:09]} O-O {[%emt 0:00:02]} 19. Ne3 {[%emt 0:00:08]} Rfd8 {[%emt 0:00:04]} 20. Nf5 {[%emt 0:00:04]} Bf8 {[%emt 0:00:02]} 21. Rxd8 {[%emt 0:00:06]} Rxd8 {[%emt 0:00:02]} 22. h3 {[%emt 0:00:01]} Qf7 {[%emt 0:00:06]} 23. b4 {[%emt 0:00:12]} Ne6 {[%emt 0:00:08]} 24. Rd1 {[%emt 0:00:05]} Rd7 {[%emt 0:00:05]} 25. c4 {[%emt 0:00:10]} Qe8 {[%emt 0:00:15]} 26. Rxd7 {[%emt 0:00:06]} Qe7 {[%emt 0:00:01]} 27. Rxe7 {[%emt 0:00:03] Zeit Zeit Zeit (Lag: Av=0.33s, max=0.6s) (Lag: Av=0.33s, max=0.6s) (Lag: Av=0.33s, max=0.6s) Dukic gibt auf Dukic gibt auf Dukic gibt auf} 1-0

[Event "Stay Safe Play From Home 384"]
[Site "Emanuel Lasker Arena"]
[Date "2020.08.14"]
[Round "2"]
[White "Lazieri3"]
[Black "Kongle"]
[Result "1-0"]
[WhiteElo "2100"]
[BlackElo "1764"]
[PlyCount "131"]
[EventDate "2020.08.14"]
[EventType "swiss (blitz)"]

1. e4 {[%emt 0:00:00]} d5 {[%emt 0:00:10]} 2. Nc3 {[%emt 0:00:00]} d4 {[%emt 0:00:03]} 3. Nce2 {[%emt 0:00:03]} e5 {[%emt 0:00:01]} 4. d3 {[%emt 0:00:03]} c5 {[%emt 0:00:01]} 5. f4 {[%emt 0:00:00]} Bd6 {[%emt 0:00:03]} 6. Nf3 {[%emt 0:00:02]} Nc6 {[%emt 0:00:03]} 7. g3 {[%emt 0:00:01]} Bg4 {[%emt 0:00:02]} 8. Bg2 {[%emt 0:00:01]} Nge7 {[%emt 0:00:04]} 9. O-O {[%emt 0:00:06]} Qd7 {[%emt 0:00:03]} 10. c4 {[%emt 0:00:11]} h5 {[%emt 0:00:04]} 11. Nxe5 {[%emt 0:00:12]} Nxe5 {[%emt 0:00:09]} 12. fxe5 {[%emt 0:00:00]} Bxe5 {[%emt 0:00:01]} 13. Bf4 {[%emt 0:00:01]} f6 {[%emt 0:00:04]} 14. Bf3 {[%emt 0:00:05]} O-O-O {[%emt 0:00:03]} 15. Bxg4 {[%emt 0:00:04]} hxg4 {[%emt 0:00:03]} 16. Qd2 {[%emt 0:00:03]} Ng6 {[%emt 0:00:07]} 17. Bxe5 {[%emt 0:00:03]} Nxe5 {[%emt 0:00:03] Lazieri3 offers a draw Lazieri3 offers a draw Lazieri3 offers a draw} 18. Qf4 {[%emt 0:01:23]} Nf3+ {[%emt 0:00:04]} 19. Rxf3 {[%emt 0:00:02]} gxf3 {[%emt 0:00:02]} 20. Qxf3 {[%emt 0:00:00]} Qh3 {[%emt 0:00:03]} 21. Qf2 {[%emt 0:00:01]} g5 {[%emt 0:00:03]} 22. Rf1 {[%emt 0:00:05]} Kb8 {[%emt 0:00:03]} 23. Qg2 {[%emt 0:00:13]} Qxg2+ {[%emt 0:00:05]} 24. Kxg2 {[%emt 0:00:00]} Rh6 {[%emt 0:00:03]} 25. h3 {[%emt 0:00:06]} Rdh8 {[%emt 0:00:03]} 26. Ng1 {[%emt 0:00:01]} Kc7 {[%emt 0:00:06]} 27. Rf5 {[%emt 0:00:01]} b6 {[%emt 0:00:02]} 28. a3 {[%emt 0:00:01]} a5 {[%emt 0:00:05]} 29. a4 {[%emt 0:00:10]} Kd6 {[%emt 0:00:02]} 30. Rf2 {[%emt 0:00:23]} Ke6 {[%emt 0:00:05]} 31. Rf5 {[%emt 0:00:02]} g4 {[%emt 0:00:10]} 32. h4 {[%emt 0:00:03]} Rh5 {[%emt 0:00:02]} 33. Rf4 {[%emt 0:00:12]} Rg8 {[%emt 0:00:12]} 34. Ne2 {[%emt 0:00:05]} Ke5 {[%emt 0:00:03]} 35. Rf2 {[%emt 0:00:16]} f5 {[%emt 0:00:05]} 36. Nf4 {[%emt 0:00:01]} Rh6 {[%emt 0:00:02]} 37. exf5 {[%emt 0:00:05]} Kxf5 {[%emt 0:00:07]} 38. Nd5+ {[%emt 0:00:01]} Ke5 {[%emt 0:00:03]} 39. Re2+ {[%emt 0:00:04]} Kd6 {[%emt 0:00:04]} 40. Ne7 {[%emt 0:00:01]} Rgh8 {[%emt 0:00:30]} 41. Nf5+ {[%emt 0:00:01]} Kd7 {[%emt 0:00:02]} 42. Nxh6 {[%emt 0:00:00]} Rxh6 {[%emt 0:00:02]} 43. Re4 {[%emt 0:00:03]} Rg6 {[%emt 0:00:02]} 44. Re5 {[%emt 0:00:07]} Kd6 {[%emt 0:00:03]} 45. Re4 {[%emt 0:00:01]} Kd7 {[%emt 0:00:02]} 46. b3 {[%emt 0:00:00]} Kd6 {[%emt 0:00:02]} 47. h5 {[%emt 0:00:01]} Rg5 {[%emt 0:00:02]} 48. h6 {[%emt 0:00:01]} Rh5 {[%emt 0:00:01]} 49. Rxg4 {[%emt 0:00:01]} Rxh6 {[%emt 0:00:01]} 50. Rh4 {[%emt 0:00:01]} Re6 {[%emt 0:00:02]} 51. Re4 {[%emt 0:00:01]} Rxe4 {[%emt 0:00:02]} 52. dxe4 {[%emt 0:00:00]} Ke5 {[%emt 0:00:03]} 53. Kf3 {[%emt 0:00:01]} d3 {[%emt 0:00:02]} 54. Ke3 {[%emt 0:00:01]} d2 {[%emt 0:00:01]} 55. Kxd2 {[%emt 0:00:01]} Kxe4 {[%emt 0:00:01]} 56. Ke2 {[%emt 0:00:00]} Kd4 {[%emt 0:00:11]} 57. g4 {[%emt 0:00:01]} Ke4 {[%emt 0:00:03]} 58. g5 {[%emt 0:00:02]} Kf5 {[%emt 0:00:01]} 59. Ke3 {[%emt 0:00:01]} Kxg5 {[%emt 0:00:01]} 60. Ke4 {[%emt 0:00:00]} Kg4 {[%emt 0:00:10]} 61. Kd5 {[%emt 0:00:01]} Kf3 {[%emt 0:00:00]} 62. Kc6 {[%emt 0:00:01]} Ke3 {[%emt 0:00:00]} 63. Kxb6 {[%emt 0:00:01]} Kd3 {[%emt 0:00:01]} 64. Kxc5 {[%emt 0:00:02]} Kc3 {[%emt 0:00:00]} 65. Kb5 {[%emt 0:00:01]} Kxb3 {[%emt 0:00:01]} 66. c5 {[%emt 0:00:00] Kongle resigns Kongle resigns Kongle resigns (Lag: Av=0.76s, max=3.3s) (Lag: Av=0.76s, max=3.3s) (Lag: Av=0.76s, max=3.3s)} 1-0